| 000 | 00000nam##2200000za#4500 |
| 001 | 9.640842 |
| 003 | CaOODSP |
| 005 | 20210624222852 |
| 007 | cr ||||||||||| |
| 008 | 150407|2005||||xxc|||||o f|0| 0 fre|d |
| 040 | |aCaOODSP|bfre |
| 043 | |an-cn--- |
| 086 | 1 |aH174-30/2005F-PDF |
| 110 | 1 |aCanada.|bConseil canadien de la santé. |
| 245 | 10|aAnalyse contextuelle des points de vue actuels sur les ressources humaines en matière de santé au Canada : |h[ressource électronique]|bproblèmes relevés, solutions proposés et analyse des écarts / |cpréparé en vue du Sommet national sur les ressources humaines en santé, par Fadi El-Jardali et Cathy Fooks. |
| 260 | |aToronto - Ontario : |bConseil canadien de la santé |cLe 23 juin 2005. |
| 300 | |a83p.|bréférences, tableaux |
| 590 | |a12-39-Supp|b2012-10-11 |
| 691 | 07|aRégime de soins de santé|2gcpds |
| 691 | 07|aRessources humaines|2gcpds |
| 720 | 1 |aEl-Jardali, Fadi |
| 720 | 1 |aFooks, Cathy |
| 775 | 08|tAn environmental scan of current views on health human resources in Canada : |w(CaOODSP)9.696734 |
| 856 | 40|ahttp://publications.gc.ca|qPDF|s740 Ko|uhttps://publications.gc.ca/collections/collection_2012/ccs-hcc/H174-30-2005-fra.pdf |